000 00308nam a2200109Ia 4500
008 200302s9999 xx 000 0 und d
100 _aC. S. Yadav
245 _aPerspectives in Urban Geography Urban Planning and Policies Vol 16 A
260 _bConcept Publishing Co. Ltd.
260 _c1986
300 _a342 P.,
999 _c5541
_d5541